000 00417nam a2200145Ia 4500
008 231129s1984||||xx |||||||||||||| ||spa||
020 _a84-345-7811-5
040 _bspa
082 _a306 N322s
100 _aNavarro Alcalá-Zamora Pí­o J.
245 0 _aSociedades pueblos y culturas
260 _c1984
264 _aBarcelona España : Salvat Editores
942 _2ddc
_cBKS
999 _c24753
_d24753